| 000 | 01085nam a2200349 i 4500 | ||
|---|---|---|---|
| 001 | 1541 | ||
| 003 | KOSZ 005 | ||
| 005 | 20200424135038.0 | ||
| 008 | 000320s1980 pl a f f |000 0 pol d | ||
| 015 | _aPB 1980/5051 | ||
| 035 | _a(OCoLC)830953716 | ||
| 040 |
_aWA N _cWA N _dKOSZ 005/EC |
||
| 041 | 0 | _apol | |
| 046 | _k1978 | ||
| 080 | _a532 | ||
| 080 | _a(075.8) | ||
| 100 | 1 |
_aWalden, Henryk _d(1917-2007) _eAutor |
|
| 245 | 1 | 0 |
_aMechanika płynów / _cHenryk Walden. |
| 250 | _a[Wyd. 2]. | ||
| 260 |
_aWarszawa : _bWydaw-a Politechniki Warszawskiej, _c1980 _e(Warsz : _fPW). |
||
| 300 |
_a508 s. : _bil., tab., wykr. ; _c25 cm. |
||
| 380 | _aKsiążki | ||
| 388 | _a1901-2000 | ||
| 388 | _a1945-1989 | ||
| 504 | _aBibliogr. s. 505-508. | ||
| 658 | _aInżynieria i technika | ||
| 655 | 4 | _aPodręczniki akademickie | |
| 650 | 4 | _aMechanika płynów | |
| 710 | 2 |
_aWydawnictwa Politechniki Warszawskiej _4pbl. |
|
| 856 |
_uhttp://koha.tu.koszalin.pl/cgi-bin/koha/opac-detail.pl?biblionumber=1541 _yKatalog online BPK |
||
| 942 |
_2UKD _cKS |
||
| 999 |
_c1541 _d1541 |
||